DevOps design patterns : (Record no. 14777)

MARC details
000 -LEADER
fixed length control field 00751 a2200229 4500
001 - CONTROL NUMBER
control field TB12281
003 - CONTROL NUMBER IDENTIFIER
control field IN-BhIIT
005 - DATE AND TIME OF LATEST TRANSACTION
control field 20250809162723.0
008 - FIXED-LENGTH DATA ELEMENTS--GENERAL INFORMATION
fixed length control field 250328b |||||||| |||| 00| 0 eng d
020 ## - INTERNATIONAL STANDARD BOOK NUMBER
ISBN 9789355519924 (pbk.)
040 ## - CATALOGING SOURCE
Original cataloging agency IN-BhIIT
041 ## - LANGUAGE CODE
Language code of text eng
082 ## - DEWEY DECIMAL CLASSIFICATION NUMBER
Classification number 005.1
Book number CHI/D
100 ## - MAIN ENTRY--AUTHOR NAME
Personal name Chintale, Pradeep
Relator term Author
245 ## - TITLE STATEMENT
Title DevOps design patterns :
Sub Title implementing devops best practices for secure and realiable CI/CD pipeline /
Statement of responsibility, etc by Pradeep Chintale.
260 ## - PUBLICATION, DISTRIBUTION, ETC. (IMPRINT)
Place of publication New Delhi :
Name of publisher BPB Publications,
Year of publication 2024.
300 ## - PHYSICAL DESCRIPTION
Number of Pages xx, 298 p. :
Other physical details(ill.) ill. ;
Dimensions(size) 24 cm
504 ## - BIBLIOGRAPHY, ETC. NOTE
Bibliography, etc Includes bibliographical references and index.
650 ## - SUBJECT ADDED ENTRY--TOPICAL TERM
Topical Term Programming 
Topical Term Systems Analysis And Design
942 ## - ADDED ENTRY ELEMENTS (KOHA)
Koha item type Text Book
Koha issues (borrowed), all copies 1
Holdings
Withdrawn status Lost status Damaged status Not for loan Collection code Home library Current library Date acquired Source of acquisition Cost, normal purchase price Full call number Accession Number Cost, replacement price Price effective from Koha item type
Not withdrawn Not Lost not damaged   SMS Central Library, IIT Bhubaneswar Central Library, IIT Bhubaneswar 10/02/2025 31 599.25 005.1 CHI/D TB12281 799.00 10/02/2025 Text Book

Central Library, Indian Institute of Technology Bhubaneswar, 4th Floor, Administrative Building, Argul, Khordha, PIN-752050, Odisha, India
Phone: +91-674-7138750 | Email: circulation.library@iitbbs.ac.in (For circulation related queries),
Email: info.library@iitbbs.ac.in (For other queries)